000 00354 a2200169 4500
001 49741
020 _a8536800208
040 _cAnchieta - Bela Vista
100 _aLuz, Anthero
240 1 0 _aCaminhando em paz
_lpor
245 1 0 _aCaminhando em paz
300 _a63
362 0 _a2006
440 1 _aDCL
650 4 _aLiteratura juvenil
942 _cBK
999 _c49741
_d49741